US States by Temperature Range - Statistics

General Stats
  • This quiz has been taken 17 times
  • The average score is 15 of 20
Answer Stats
Fahrenheit Celcius Answer % Correct
175 97.2 California
94%
111 61.7 Florida
94%
180 100 Alaska
81%
176 97.8 Colorado
81%
175 97.2 Nevada
81%
139 77.2 Alabama
75%
134 74.4 Mississippi
75%
180 100 North Dakota
75%
178 98.9 South Dakota
75%
178 98.9 Wyoming
75%
127 70.6 Delaware
69%
128 71.1 Georgia
69%
86 47.8 Hawaii
69%
179 99.4 Idaho
69%
130 72.2 Louisiana
69%
187 103.9 Montana
69%
132 73.3 South Carolina
69%
175 97.2 Minnesota
63%
132 73.3 Rhode Island
56%
138 76.7 Connecticut
50%
No matching quizzes found
Score Distribution
Percent of People with Each Score
Percentile by Number Answered
Your Score History
You have not taken this quiz